000 00697nam a22002055i 4500
001 161855
003 ES-MaACL
005 20250804062626.0
008 950206s1884 sp |||| | spa d
040 _aAS
_bspa
_cCCPB | PA2
100 1 _aPérez Galdós, Benito,
_d1843-1920
_990871
245 1 0 _aLa de Bringas /
_cpor B. Pérez Galdós.
260 _aMadrid :
_b[s.n.],
_c1884 (
_fImprenta y Litografía de "La Guirnalda")
300 _a227 p. ;
_c19 cm.
490 1 _aNovelas españolas contemporáneas
752 _aEspaña -
_dMadrid
830 0 _aNovelas españolas contemporáneas
_9186439
852 _aES-MaACL
_jR-3223
_xOlim:B-5782
_z-- Enc. piel
999 _c161855
_d161855